[Event "Titled Tuesday intern op 21st Dec"]
[Site "Chess.com INT"]
[Date "2021.12.21"]
[Round "10"]
[White "Doluhanova, Evgeniya"]
[Black "Pires, Marcos Vinicius Tor"]
[Result "1-0"]
[WhiteElo "2264"]
[BlackElo "2302"]
[PlyCount "63"]
[EventDate "2021.12.21"]
[EventType "swiss (blitz)"]
[EventRounds "11"]
[EventCountry "USA"]
[SourceTitle "CBM 205 Extra"]
[Source "ChessBase"]
[SourceDate "2022.01.31"]
[SourceVersion "1"]
[SourceVersionDate "2022.01.31"]
[SourceQuality "1"]

1. Nf3 c6 2. e4 d5 3. Nc3 Bg4 4. h3 Bxf3 5. Qxf3 Nf6 6. e5 Nfd7 7. d4 e6 8. h4 c5 9. Bg5 Qb6 10. O-O-O cxd4 11. Nb5 Nxe5 12. Qg3 Nbc6 13. Bf4 a6 14. Nxd4 Nxd4 15. Bxe5 Nc6 16. Bxg7 Rg8 17. Bd4 Rxg3 18. Bxb6 Rg8 19. g3 Rc8 20. Bd3 h6 21. Rhe1 Nb4 22. Bh7 Rg7 23. Bf5 Kd7 24. a3 exf5 25. axb4 Kc6 26. Bd4 Rg6 27. Re5 f4 28. gxf4 Bxb4 29. Rf5 Rc7 30. h5 Rg2 31. c3 Bd6 32. Rf6 1-0

[Event "Titled Tuesday intern op 21st Dec"]
[Site "Chess.com INT"]
[Date "2021.12.21"]
[Round "10"]
[White "Erdogdu, Mert"]
[Black "Koellner, Ruben Gideon"]
[Result "1-0"]
[WhiteElo "2407"]
[BlackElo "2428"]
[PlyCount "155"]
[EventDate "2021.12.21"]
[EventType "swiss (blitz)"]
[EventRounds "11"]
[EventCountry "USA"]
[SourceTitle "CBM 205 Extra"]
[Source "ChessBase"]
[SourceDate "2022.01.31"]
[SourceVersion "1"]
[SourceVersionDate "2022.01.31"]
[SourceQuality "1"]

1. e4 d6 2. d4 Nf6 3. Nc3 e5 4. Nf3 Nbd7 5. Bc4 Be7 6. O-O c6 7. a4 h6 8. Re1 Qc7 9. a5 Nf8 10. b3 Ng6 11. d5 O-O 12. h3 Rd8 13. Qd3 Nh5 14. Ne2 Rf8 15. b4 Kh7 16. a6 b5 17. Bb3 cxd5 18. Bxd5 Rb8 19. g4 Nf6 20. Bb3 Be6 21. Ng3 Rfc8 22. Be3 Bc4 23. Qd1 Kg8 24. Bxc4 bxc4 25. c3 Ra8 26. Qc2 Qc6 27. Nd2 Rc7 28. Nf5 Bf8 29. f3 Nf4 30. Bxf4 exf4 31. Kg2 Qb6 32. Ra5 Nd7 33. Nd4 Ne5 34. Rea1 Rd7 35. Rd5 Rad8 36. Nf5 g6 37. Nd4 Qc7 38. Raa5 Bg7 39. Rab5 Qc8 40. Ra5 Nc6 41. Nxc6 Qxc6 42. Qa4 Qxa4 43. Rxa4 Rc8 44. Ra3 Rc6 45. Kf2 Rdc7 46. Ke2 Be5 47. Kd1 Kg7 48. Kc2 Kf6 49. Rb5 Kg5 50. Rb7 Kh4 51. Ra5 g5 52. Rd5 Rxb7 53. axb7 Rb6 54. Nxc4 Rxb7 55. Nxe5 dxe5 56. Rxe5 Kxh3 57. Kd3 Kg3 58. Ke2 Rc7 59. Rc5 Rd7 60. c4 Rd6 61. Rd5 Ra6 62. Ra5 Rc6 63. c5 Rc7 64. Ra6 Rb7 65. Ra4 a5 66. bxa5 Rb2+ 67. Kd3 Kxf3 68. a6 Rb8 69. a7 Ra8 70. c6 Kxg4 71. Ke2 Kg3 72. Ra3+ Kg2 73. c7 g4 74. Rb3 f3+ 75. Ke3 Rxa7 76. c8=Q Ra1 77. Qxg4+ Kh1 78. Qxf3+ 1-0

[Event "Titled Tuesday intern op 21st Dec"]
[Site "Chess.com INT"]
[Date "2021.12.21"]
[Round "10"]
[White "Fabris, Alberto"]
[Black "Martin, Lewis"]
[Result "0-1"]
[WhiteElo "2230"]
[BlackElo "2196"]
[PlyCount "102"]
[EventDate "2021.12.21"]
[EventType "swiss (blitz)"]
[EventRounds "11"]
[EventCountry "USA"]
[SourceTitle "CBM 205 Extra"]
[Source "ChessBase"]
[SourceDate "2022.01.31"]
[SourceVersion "1"]
[SourceVersionDate "2022.01.31"]
[SourceQuality "1"]

1. e4 c5 2. Nf3 d6 3. d4 cxd4 4. Nxd4 Nf6 5. Nc3 a6 6. Be3 e5 7. Nb3 Be7 8. f3 O-O 9. Qd2 Be6 10. O-O-O Nc6 11. g4 Nd7 12. Kb1 b5 13. Nd5 Bxd5 14. Qxd5 Rc8 15. Qd2 Nb6 16. g5 Nc4 17. Bxc4 bxc4 18. Nc1 Qd7 19. Ne2 Rc7 20. Nc3 Rb8 21. Ka1 Rcb7 22. Rb1 Nb4 23. a3 Nc6 24. Nd5 Bd8 25. f4 Na7 26. Bxa7 Rxa7 27. h4 Qa4 28. Rh3 Rab7 29. Ka2 Ba5 30. Qe2 exf4 31. h5 Bd8 32. g6 fxg6 33. hxg6 hxg6 34. Nxf4 Bf6 35. c3 Qb3+ 36. Ka1 Rb5 37. Qd1 Qxd1 38. Rxd1 Rxb2 39. Nd5 Be5 40. Rdh1 Kf7 41. Rh8 Rxh8 42. Rxh8 Re2 43. Ra8 Rxe4 44. Rxa6 Ke6 45. Nc7+ Kf5 46. Ra5 Re1+ 47. Kb2 Ke4 48. Nb5 Re2+ 49. Kc1 g5 50. Kd1 Ra2 51. Ra7 g4 0-1

[Event "Titled Tuesday intern op 21st Dec"]
[Site "Chess.com INT"]
[Date "2021.12.21"]
[Round "10"]
[White "Forgas Moreno, Yaniela"]
[Black "Bouget, Alexandre"]
[Result "1-0"]
[WhiteElo "2310"]
[BlackElo "2250"]
[PlyCount "99"]
[EventDate "2021.12.21"]
[EventType "swiss (blitz)"]
[EventRounds "11"]
[EventCountry "USA"]
[SourceTitle "CBM 205 Extra"]
[Source "ChessBase"]
[SourceDate "2022.01.31"]
[SourceVersion "1"]
[SourceVersionDate "2022.01.31"]
[SourceQuality "1"]

1. e4 g6 2. d4 Bg7 3. Nc3 a6 4. f4 b5 5. Nf3 d6 6. Bd3 Nd7 7. e5 c5 8. exd6 exd6 9. dxc5 dxc5 10. Be4 Ra7 11. O-O Ngf6 12. Bd3 O-O 13. f5 c4 14. Be2 Qb6+ 15. Qd4 Qxd4+ 16. Nxd4 Re8 17. Bf3 Ne5 18. Bd1 Nfg4 19. h3 Rd8 20. Nce2 Nf6 21. Bg5 h6 22. Bxf6 Bxf6 23. fxg6 Bg5 24. gxf7+ Nxf7 25. c3 Ne5 26. Nf4 Bxf4 27. Rxf4 Nd3 28. Rf6 Rg7 29. Bf3 Bxh3 30. Rxh6 Nf4 31. Rh4 Bxg2 32. Rxf4 Bxf3+ 33. Kf2 Bd5 34. Rg1 Rxg1 35. Kxg1 Re8 36. Kf2 Rd8 37. Ke3 Kg7 38. Rf5 Kg6 39. Kf4 Bh1 40. Rg5+ Kf6 41. Rh5 Bd5 42. Rh6+ Ke7 43. Rxa6 b4 44. Ke5 bxc3 45. bxc3 Bf7 46. Ra7+ Kf8 47. Nf5 Rd5+ 48. Kf6 Rb5 49. Rxf7+ Kg8 50. Rd7 1-0

[Event "Titled Tuesday intern op 21st Dec"]
[Site "Chess.com INT"]
[Date "2021.12.21"]
[Round "10"]
[White "Hasangatin, Ramil"]
[Black "Gelman, Alexander"]
[Result "0-1"]
[WhiteElo "2479"]
[BlackElo "2403"]
[PlyCount "138"]
[EventDate "2021.12.21"]
[EventType "swiss (blitz)"]
[EventRounds "11"]
[EventCountry "USA"]
[SourceTitle "CBM 205 Extra"]
[Source "ChessBase"]
[SourceDate "2022.01.31"]
[SourceVersion "1"]
[SourceVersionDate "2022.01.31"]
[SourceQuality "1"]

1. e4 c5 2. Nf3 e6 3. g3 Nc6 4. Bg2 Nf6 5. d3 d5 6. Qe2 Be7 7. e5 Nd7 8. O-O O-O 9. c4 b5 10. cxb5 Na5 11. Nc3 a6 12. b6 Qxb6 13. Re1 Bb7 14. Bg5 Bxg5 15. Nxg5 h6 16. Nh3 Nc6 17. f4 c4+ 18. Nf2 cxd3 19. Qxd3 a5 20. Na4 Qb4 21. b3 Rfc8 22. Rec1 Ba6 23. Qe3 Qa3 24. Nd3 Bxd3 25. Qxd3 Nb4 26. Qd2 Rxc1+ 27. Rxc1 Qxa2 28. Qxa2 Nxa2 29. Rc7 Nf8 30. f5 Nb4 31. fxe6 fxe6 32. Nc5 Na6 33. Nxa6 Rxa6 34. Rb7 Ng6 35. Bf1 Rc6 36. Rb8+ Kf7 37. Rb7+ Kf8 38. Rb8+ Ke7 39. Rb7+ Kd8 40. Rxg7 Nxe5 41. Rh7 Rc2 42. Bb5 Nf3+ 43. Kf1 Nxh2+ 44. Ke1 Nf3+ 45. Kd1 Rb2 46. Rxh6 Rxb3 47. Be2 Nd4 48. Bg4 a4 49. Bxe6 Rb5 50. Bf7 a3 51. Rh8+ Ke7 52. Bg6 a2 53. Ra8 Rb1+ 54. Kd2 a1=Q 55. Rxa1 Rxa1 56. Kd3 Ne6 57. Bf5 Ra3+ 58. Kd2 Rxg3 59. Kd1 Kd6 60. Bh7 Nc5 61. Bg8 d4 62. Bc4 Ke5 63. Kd2 Ke4 64. Bb5 Rg2+ 65. Ke1 Ke3 66. Kf1 Rb2 67. Bc6 d3 68. Kg1 d2 69. Bf3 Kxf3 0-1

[Event "Titled Tuesday intern op 21st Dec"]
[Site "Chess.com INT"]
[Date "2021.12.21"]
[Round "10"]
[White "Jarocka, Liwia"]
[Black "Vidruska, Renate"]
[Result "1-0"]
[WhiteElo "2006"]
[BlackElo "2029"]
[PlyCount "58"]
[EventDate "2021.12.21"]
[EventType "swiss (blitz)"]
[EventRounds "11"]
[EventCountry "USA"]
[SourceTitle "CBM 205 Extra"]
[Source "ChessBase"]
[SourceDate "2022.01.31"]
[SourceVersion "1"]
[SourceVersionDate "2022.01.31"]
[SourceQuality "1"]

1. Nf3 Nf6 2. b3 d5 3. Bb2 e6 4. e3 c5 5. d4 Nc6 6. a3 a6 7. Bd3 b5 8. dxc5 Bxc5 9. O-O Bb7 10. Nbd2 Qe7 11. c4 bxc4 12. bxc4 O-O 13. Rb1 Rab8 14. Qc2 Bxa3 15. Bxf6 Qxf6 16. cxd5 exd5 17. Bxh7+ Kh8 18. Bd3 Bd6 19. Qa4 a5 20. Kh1 Nb4 21. Be2 Ra8 22. Nd4 Rfc8 23. Bg4 Rc5 24. N2b3 Rc3 25. Nxa5 Qh4 26. Bh3 Ba6 27. Rfe1 Rb8 28. Nf5 Qe7 29. Nxe7 Bxe7 1-0

[Event "Titled Tuesday intern op 21st Dec"]
[Site "Chess.com INT"]
[Date "2021.12.21"]
[Round "10"]
[White "Jodorcovsky Werjivker, Paulo"]
[Black "Levkov, Daniel"]
[Result "1-0"]
[WhiteElo "2213"]
[BlackElo "1974"]
[PlyCount "59"]
[EventDate "2021.12.21"]
[EventType "swiss (blitz)"]
[EventRounds "11"]
[EventCountry "USA"]
[SourceTitle "CBM 205 Extra"]
[Source "ChessBase"]
[SourceDate "2022.01.31"]
[SourceVersion "1"]
[SourceVersionDate "2022.01.31"]
[SourceQuality "1"]

1. d4 f5 2. Bg5 d5 3. e3 Nf6 4. Bxf6 exf6 5. c4 Be6 6. cxd5 Bxd5 7. Nc3 Bf7 8. Bd3 g6 9. h4 h5 10. Nge2 Nc6 11. Nf4 Bd6 12. Nce2 Qd7 13. Qc2 Nb4 14. Qb1 Nxd3+ 15. Qxd3 O-O-O 16. a3 g5 17. Nh3 Rdg8 18. d5 Be5 19. O-O-O f4 20. e4 Qa4 21. Rd2 Kb8 22. Rc2 Bg6 23. Rc4 Qb5 24. Nd4 Qb6 25. Rd1 g4 26. Ng1 Rd8 27. Qd2 Bxe4 28. f3 Bxd5 29. Rb4 Qc5+ 30. Kb1 1-0

[Event "Titled Tuesday intern op 21st Dec"]
[Site "Chess.com INT"]
[Date "2021.12.21"]
[Round "10"]
[White "Kalashian, David"]
[Black "Pandey, Srishti"]
[Result "1-0"]
[WhiteElo "2398"]
[BlackElo "2177"]
[PlyCount "131"]
[EventDate "2021.12.21"]
[EventType "swiss (blitz)"]
[EventRounds "11"]
[EventCountry "USA"]
[SourceTitle "CBM 205 Extra"]
[Source "ChessBase"]
[SourceDate "2022.01.31"]
[SourceVersion "1"]
[SourceVersionDate "2022.01.31"]
[SourceQuality "1"]

1. d4 d5 2. Nf3 Nf6 3. c4 c6 4. Qc2 e6 5. Nbd2 Nbd7 6. e4 dxe4 7. Nxe4 Nxe4 8. Qxe4 c5 9. Bg5 Be7 10. Bxe7 Qxe7 11. O-O-O cxd4 12. Qxd4 O-O 13. Bd3 Nc5 14. Bc2 b6 15. h4 Bb7 16. Kb1 Rad8 17. Qf4 h6 18. a3 Rxd1+ 19. Rxd1 Rd8 20. Rxd8+ Qxd8 21. g3 Bxf3 22. Qxf3 a5 23. Qe3 a4 24. f4 Qd7 25. h5 Qc6 26. Ka2 Kf8 27. Qd4 Qc7 28. Qd1 Ke7 29. Bxa4 Ne4 30. Qd3 f5 31. Bc2 Qc5 32. Ba4 Nd6 33. Bb3 Ne4 34. g4 Nf2 35. Qc3 Nxg4 36. Qxg7+ Kd8 37. Qg8+ Ke7 38. Qg7+ Kd8 39. Qf7 Qd6 40. c5 bxc5 41. Bxe6 Ne3 42. Bxf5 c4 43. Qg6 Qd5 44. Qe6 Qd4 45. Qe4 Nxf5 46. Qxf5 c3 47. Qa5+ Ke7 48. Qxc3 Qxf4 49. Qc5+ Kf6 50. Kb3 Qf3+ 51. Qc3+ Qxc3+ 52. Kxc3 Kg5 53. a4 Kxh5 54. a5 Kg4 55. a6 h5 56. a7 h4 57. a8=Q h3 58. Qh1 h2 59. Qxh2 Kf3 60. b4 Ke3 61. b5 Ke4 62. b6 Kd5 63. b7 Kc5 64. b8=Q Kc6 65. Qbc7+ Kd5 66. Qhe5# 1-0

[Event "Titled Tuesday intern op 21st Dec"]
[Site "Chess.com INT"]
[Date "2021.12.21"]
[Round "10"]
[White "Kazancev, Valerij M"]
[Black "Eynullayev, Altay Elshan"]
[Result "1-0"]
[WhiteElo "2313"]
[BlackElo "2223"]
[PlyCount "83"]
[EventDate "2021.12.21"]
[EventType "swiss (blitz)"]
[EventRounds "11"]
[EventCountry "USA"]
[SourceTitle "CBM 205 Extra"]
[Source "ChessBase"]
[SourceDate "2022.01.31"]
[SourceVersion "1"]
[SourceVersionDate "2022.01.31"]
[SourceQuality "1"]

1. c4 Nf6 2. Nc3 e6 3. Nf3 Bb4 4. Qb3 a5 5. a3 Bxc3 6. Qxc3 b6 7. g3 Bb7 8. Bg2 d6 9. O-O Nbd7 10. d3 O-O 11. b3 Qe7 12. Bb2 c5 13. b4 axb4 14. axb4 Rfc8 15. Qb3 Rcb8 16. b5 e5 17. e4 Nf8 18. Nh4 Ne6 19. Nf5 Qd8 20. f4 Nd4 21. Qd1 Rxa1 22. Bxa1 Ra8 23. Ne3 Ra2 24. Bxd4 cxd4 25. Nf5 g6 26. fxe5 dxe5 27. Qb3 Rxg2+ 28. Kxg2 gxf5 29. Rxf5 Nxe4 30. Kg1 Nd2 31. Qd1 Nf3+ 32. Rxf3 Bxf3 33. Qxf3 Kf8 34. Qc6 Ke7 35. Kg2 Qd6 36. Qb7+ Ke6 37. h4 f5 38. Kf3 Qc5 39. Qxh7 Qa3 40. Qg6+ Ke7 41. Qxf5 Qc5 42. h5 1-0

[Event "Titled Tuesday intern op 21st Dec"]
[Site "Chess.com INT"]
[Date "2021.12.21"]
[Round "10"]
[White "Krivonosov, Oleg"]
[Black "Ianov, Viktor"]
[Result "1-0"]
[WhiteElo "2362"]
[BlackElo "2279"]
[PlyCount "159"]
[EventDate "2021.12.21"]
[EventType "swiss (blitz)"]
[EventRounds "11"]
[EventCountry "USA"]
[SourceTitle "CBM 205 Extra"]
[Source "ChessBase"]
[SourceDate "2022.01.31"]
[SourceVersion "1"]
[SourceVersionDate "2022.01.31"]
[SourceQuality "1"]

1. Nf3 d6 2. d4 g6 3. c4 Bg7 4. Nc3 Bg4 5. g3 Bxf3 6. exf3 e6 7. d5 e5 8. Bg2 Nf6 9. O-O Nbd7 10. f4 O-O 11. Re1 Re8 12. h3 a5 13. Be3 Nh5 14. f5 Nc5 15. Qc2 Qd7 16. Bxc5 dxc5 17. Be4 a4 18. Rad1 a3 19. b3 Nf6 20. g4 Bh6 21. Kg2 Bg5 22. Ne2 Kh8 23. Ng1 Rg8 24. Nf3 Nxe4 25. Qxe4 gxf5 26. Qxe5+ f6 27. Qe6 Qxe6 28. dxe6 fxg4 29. Nxg5 gxh3+ 30. Kxh3 Rxg5 31. e7 Re8 32. Rd7 Kg7 33. Rxc7 b6 34. f4 Rg6 35. Re4 Kf7 36. Rb7 Rg7 37. f5 Rg5 38. Rxb6 Rxe7 39. Rxe7+ Kxe7 40. Ra6 Rxf5 41. Rxa3 Kd6 42. Ra8 Rf2 43. Kg4 f5+ 44. Kg3 Rb2 45. Kf4 Rf2+ 46. Ke3 Rb2 47. Ra6+ Ke5 48. Ra5 f4+ 49. Kf3 Kd4 50. Kxf4 h5 51. Kg5 Rh2 52. Ra8 h4 53. Kg4 h3 54. Kg3 Rh1 55. Ra5 Ra1 56. Kxh3 Kc3 57. Kg4 Kd4 58. Kf5 Re1 59. Kf6 Re2 60. Kf7 Re3 61. Ra4 Re2 62. Kf6 Re3 63. Kf5 Re2 64. Kf4 Re1 65. Ra8 Rf1+ 66. Kg3 Rb1 67. Kf2 Kc3 68. Ke3 Rd1 69. Ra5 Kb2 70. Rxc5 Kxa2 71. Rb5 Ka3 72. c5 Kb2 73. b4 Kc3 74. Rb6 Kc4 75. Ke4 Rd4+ 76. Ke5 Rd5+ 77. Ke6 Rd1 78. c6 Rc1 79. b5 Kc5 80. Rb7 1-0

[Event "Titled Tuesday intern op 21st Dec"]
[Site "Chess.com INT"]
[Date "2021.12.21"]
[Round "10"]
[White "Krzywda, Andrzej"]
[Black "Osmonbekov, Talaibek D"]
[Result "1-0"]
[WhiteElo "2110"]
[BlackElo "2136"]
[PlyCount "31"]
[EventDate "2021.12.21"]
[EventType "swiss (blitz)"]
[EventRounds "11"]
[EventCountry "USA"]
[SourceTitle "CBM 205 Extra"]
[Source "ChessBase"]
[SourceDate "2022.01.31"]
[SourceVersion "1"]
[SourceVersionDate "2022.01.31"]
[SourceQuality "1"]

1. e4 c5 2. Nc3 a6 3. g3 b5 4. Bg2 Bb7 5. d3 e6 6. Nh3 Nf6 7. O-O d5 8. exd5 Nxd5 9. Nxd5 Bxd5 10. Bxd5 Qxd5 11. Nf4 Qb7 12. Qh5 Qd7 13. Re1 g6 14. Qe5 Rg8 15. Nd5 Nc6 16. Nf6+ 1-0

[Event "Titled Tuesday intern op 21st Dec"]
[Site "Chess.com INT"]
[Date "2021.12.21"]
[Round "10"]
[White "Kucuksari, Kaan"]
[Black "Iskusnyh, Sergei"]
[Result "1-0"]
[WhiteElo "2337"]
[BlackElo "2473"]
[PlyCount "99"]
[EventDate "2021.12.21"]
[EventType "swiss (blitz)"]
[EventRounds "11"]
[EventCountry "USA"]
[SourceTitle "CBM 205 Extra"]
[Source "ChessBase"]
[SourceDate "2022.01.31"]
[SourceVersion "1"]
[SourceVersionDate "2022.01.31"]
[SourceQuality "1"]

1. d4 d5 2. c4 c6 3. Nf3 Nf6 4. Qc2 dxc4 5. Qxc4 Bf5 6. g3 e6 7. Bg2 Nbd7 8. O-O Be7 9. e3 O-O 10. Rd1 Qc7 11. Qe2 e5 12. Nc3 Rfe8 13. e4 Bg4 14. h3 Bh5 15. g4 Bg6 16. Nxe5 Nxe5 17. dxe5 Qxe5 18. f4 Bc5+ 19. Kh2 Qc7 20. e5 Nd7 21. Qf3 h6 22. Qg3 Rad8 23. f5 Nxe5 24. Rxd8 Rxd8 25. Bf4 Bd6 26. fxg6 Nxg4+ 27. Qxg4 Bxf4+ 28. Kh1 f6 29. Re1 Be5 30. Ne4 Qa5 31. Rd1 Rf8 32. Qe6+ Kh8 33. Qf7 Qb4 34. a3 Rxf7 35. axb4 Rf8 36. Nc5 Bxb2 37. Nxb7 f5 38. Bxc6 f4 39. Kg2 Bf6 40. Kf3 Bg5 41. Be4 Rc8 42. Rd3 Kg8 43. Bd5+ Kf8 44. Nc5 Ke7 45. Be4 a5 46. Rd7+ Kf6 47. Rf7+ Ke5 48. Rf5+ Kd4 49. Ne6+ Kc3 50. Rc5+ 1-0

[Event "Titled Tuesday intern op 21st Dec"]
[Site "Chess.com INT"]
[Date "2021.12.21"]
[Round "10"]
[White "Lauridsen, Jesper Morck"]
[Black "Buscar, Michael"]
[Result "0-1"]
[WhiteElo "2215"]
[BlackElo "2088"]
[PlyCount "76"]
[EventDate "2021.12.21"]
[EventType "swiss (blitz)"]
[EventRounds "11"]
[EventCountry "USA"]
[SourceTitle "CBM 205 Extra"]
[Source "ChessBase"]
[SourceDate "2022.01.31"]
[SourceVersion "1"]
[SourceVersionDate "2022.01.31"]
[SourceQuality "1"]

1. e4 c5 2. Nf3 Nc6 3. d4 cxd4 4. Nxd4 Nf6 5. Nc3 e5 6. Ndb5 h6 7. a4 d6 8. Nd5 Nxd5 9. exd5 Nb8 10. c3 Be7 11. Be2 O-O 12. O-O f5 13. Be3 a6 14. Na7 Bd7 15. a5 f4 16. Bb6 Qe8 17. Bh5 g6 18. Bg4 h5 19. Be6+ Kg7 20. g4 h4 21. g5 Bxg5 22. Qg4 Qe7 23. Kh1 Bxe6 24. dxe6 Rf5 25. Rad1 Qxe6 26. c4 Nd7 27. b4 Be7 28. c5 Nxb6 29. axb6 dxc5 30. bxc5 Bxc5 31. Rg1 Bxb6 32. Rd7+ Kh6 33. Qxh4+ Rh5 34. Rxg6+ Qxg6 35. Qe7 Bxf2 36. Rd6 Rg5 37. Rxg6+ Rxg6 38. h4 Rxa7 0-1

[Event "Titled Tuesday intern op 21st Dec"]
[Site "Chess.com INT"]
[Date "2021.12.21"]
[Round "10"]
[White "Luberanski, Jakub"]
[Black "Pourkashiyan, Atousa"]
[Result "0-1"]
[WhiteElo "2166"]
[BlackElo "2322"]
[PlyCount "20"]
[EventDate "2021.12.21"]
[EventType "swiss (blitz)"]
[EventRounds "11"]
[EventCountry "USA"]
[SourceTitle "CBM 205 Extra"]
[Source "ChessBase"]
[SourceDate "2022.01.31"]
[SourceVersion "1"]
[SourceVersionDate "2022.01.31"]
[SourceQuality "1"]

1. Nf3 d5 2. d4 Nf6 3. c4 e6 4. Nc3 Be7 5. Bg5 O-O 6. e3 Nbd7 7. Rc1 c6 8. Bd3 dxc4 9. Bxc4 Nd5 10. Bd3 Bxg5 0-1

[Event "Titled Tuesday intern op 21st Dec"]
[Site "Chess.com INT"]
[Date "2021.12.21"]
[Round "10"]
[White "Manukyan, Artyom"]
[Black "Papp, Petra"]
[Result "0-1"]
[WhiteElo "2106"]
[BlackElo "2336"]
[PlyCount "74"]
[EventDate "2021.12.21"]
[EventType "swiss (blitz)"]
[EventRounds "11"]
[EventCountry "USA"]
[SourceTitle "CBM 205 Extra"]
[Source "ChessBase"]
[SourceDate "2022.01.31"]
[SourceVersion "1"]
[SourceVersionDate "2022.01.31"]
[SourceQuality "1"]

1. e4 c6 2. d4 d5 3. exd5 cxd5 4. Bd3 Nf6 5. c3 Nc6 6. Bf4 Bg4 7. Qb3 Qb6 8. Na3 e6 9. h3 Bh5 10. Nb5 Rc8 11. Ne2 Bg6 12. Bxg6 hxg6 13. O-O Be7 14. Nd6+ Bxd6 15. Bxd6 Kd7 16. Bc5 Qxb3 17. axb3 a6 18. Nf4 Ne4 19. b4 Nxc5 20. bxc5 g5 21. Nd3 f6 22. Rfe1 Rhe8 23. f4 gxf4 24. Nxf4 g5 25. Nh5 Rf8 26. Rad1 Rf7 27. Re3 Rh8 28. g4 f5 29. Rde1 Rh6 30. Kg2 Na5 31. gxf5 exf5 32. Re5 Rxh5 33. Rxd5+ Kc7 34. Ree5 Nc4 35. Re2 f4 36. Kh2 f3 37. Re1 f2 0-1

[Event "Titled Tuesday intern op 21st Dec"]
[Site "Chess.com INT"]
[Date "2021.12.21"]
[Round "10"]
[White "Marcziter, Dmitrii"]
[Black "Rodchenkov, Vitaly"]
[Result "1-0"]
[WhiteElo "2264"]
[BlackElo "2330"]
[PlyCount "91"]
[EventDate "2021.12.21"]
[EventType "swiss (blitz)"]
[EventRounds "11"]
[EventCountry "USA"]
[SourceTitle "CBM 205 Extra"]
[Source "ChessBase"]
[SourceDate "2022.01.31"]
[SourceVersion "1"]
[SourceVersionDate "2022.01.31"]
[SourceQuality "1"]

1. e4 c5 2. Nc3 e6 3. g3 d5 4. Bg2 d4 5. Nb1 Nc6 6. d3 g6 7. f4 Bg7 8. Nf3 f5 9. O-O Nge7 10. Re1 O-O 11. a4 b6 12. Na3 h6 13. Nc4 Bb7 14. e5 Rb8 15. Nd6 Ba8 16. c3 Nc8 17. Nc4 a6 18. cxd4 cxd4 19. Qb3 Qd7 20. Bd2 Rd8 21. Nd6 Kh7 22. Rac1 Nxd6 23. exd6 Qxd6 24. Rxe6 Qd7 25. Rexc6 Bxc6 26. Rxc6 Qxc6 27. Ng5+ hxg5 28. Bxc6 gxf4 29. Bxf4 Rbc8 30. Bd5 Rc5 31. Bc4 b5 32. axb5 axb5 33. Be6 Re8 34. h4 Be5 35. h5 Bxf4 36. hxg6+ Kxg6 37. Bf7+ Kf6 38. Bxe8 Be3+ 39. Kg2 Rc1 40. Qf7+ Ke5 41. Qe7+ Kd5 42. Bf7+ Kc6 43. b4 Rc3 44. Be8+ Kb6 45. Qd6+ Kb7 46. Bxb5 1-0

[Event "Titled Tuesday intern op 21st Dec"]
[Site "Chess.com INT"]
[Date "2021.12.21"]
[Round "10"]
[White "Martin Carmona, Gaston Manuel"]
[Black "Kadam, Om Manish"]
[Result "1-0"]
[WhiteElo "2362"]
[BlackElo "2114"]
[PlyCount "127"]
[EventDate "2021.12.21"]
[EventType "swiss (blitz)"]
[EventRounds "11"]
[EventCountry "USA"]
[SourceTitle "CBM 205 Extra"]
[Source "ChessBase"]
[SourceDate "2022.01.31"]
[SourceVersion "1"]
[SourceVersionDate "2022.01.31"]
[SourceQuality "1"]

1. d4 Nf6 2. c4 g6 3. Nc3 d5 4. cxd5 Nxd5 5. e4 Nxc3 6. bxc3 Bg7 7. Nf3 c5 8. Be3 cxd4 9. cxd4 Nc6 10. Rc1 Bg4 11. d5 Ne5 12. Bb5+ Nd7 13. O-O O-O 14. h3 Bxf3 15. Qxf3 a6 16. Ba4 b5 17. Bb3 Ne5 18. Qe2 Rc8 19. f4 Nd7 20. Rxc8 Qxc8 21. Rc1 Qb8 22. Qc2 Nb6 23. Qc7 Na8 24. Qxb8 Rxb8 25. e5 Kf8 26. Rc6 Rd8 27. Rxa6 Ke8 28. Ra7 g5 29. g3 gxf4 30. gxf4 Rc8 31. d6 exd6 32. exd6 Rd8 33. Bxf7+ Kf8 34. Bc5 Bf6 35. Bd5 Rc8 36. d7+ Rxc5 37. Rxa8+ Bd8 38. Rxd8+ Ke7 39. Re8+ Kxd7 40. Re5 Kd6 41. Bb3 Rc1+ 42. Kg2 b4 43. Kg3 Rc3+ 44. Kg4 Rd3 45. Rb5 Rd4 46. Rb6+ Kc5 47. Rb7 h5+ 48. Kxh5 Rxf4 49. Kg5 Rf3 50. h4 Rg3+ 51. Kf4 Rh3 52. Kg4 Rh1 53. h5 Rg1+ 54. Kf5 Rf1+ 55. Kg6 Rg1+ 56. Kh7 Kd4 57. h6 Kc3 58. Rg7 Rh1 59. Kg6 Kb2 60. h7 Ka3 61. Rg8 Rh4 62. Ra8+ Kb2 63. h8=Q+ Kb1 64. Qxh4 1-0

[Event "Titled Tuesday intern op 21st Dec"]
[Site "Chess.com INT"]
[Date "2021.12.21"]
[Round "10"]
[White "Matveeva, Olga"]
[Black "Florescu, Codrut Constantin"]
[Result "0-1"]
[WhiteElo "2171"]
[BlackElo "2285"]
[PlyCount "54"]
[EventDate "2021.12.21"]
[EventType "swiss (blitz)"]
[EventRounds "11"]
[EventCountry "USA"]
[SourceTitle "CBM 205 Extra"]
[Source "ChessBase"]
[SourceDate "2022.01.31"]
[SourceVersion "1"]
[SourceVersionDate "2022.01.31"]
[SourceQuality "1"]

1. d4 Nf6 2. c4 d6 3. Nf3 Nbd7 4. g3 e5 5. Bg2 Be7 6. O-O O-O 7. Nc3 c6 8. h3 a6 9. e4 b5 10. b3 b4 11. Na4 Nxe4 12. Nxe5 dxe5 13. Bxe4 Nf6 14. Bxc6 Bxh3 15. Re1 exd4 16. Bb2 Rc8 17. Qf3 Bg4 18. Qh1 Bd6 19. Bxd4 Bxg3 20. Bb6 Qd6 21. Bb7 Rce8 22. fxg3 Qxg3+ 23. Qg2 Rxe1+ 24. Rxe1 Qxe1+ 25. Kh2 Be2 26. Bd4 Ng4+ 27. Kh3 Bf1 0-1

[Event "Titled Tuesday intern op 21st Dec"]
[Site "Chess.com INT"]
[Date "2021.12.21"]
[Round "10"]
[White "Merriman, John"]
[Black "Bogumil, Tatiana"]
[Result "1-0"]
[WhiteElo "2261"]
[BlackElo "2182"]
[PlyCount "55"]
[EventDate "2021.12.21"]
[EventType "swiss (blitz)"]
[EventRounds "11"]
[EventCountry "USA"]
[SourceTitle "CBM 205 Extra"]
[Source "ChessBase"]
[SourceDate "2022.01.31"]
[SourceVersion "1"]
[SourceVersionDate "2022.01.31"]
[SourceQuality "1"]

1. d4 Nf6 2. c4 c5 3. d5 b5 4. cxb5 a6 5. bxa6 Bxa6 6. Nc3 d6 7. e4 Bxf1 8. Kxf1 g6 9. g3 Bg7 10. Kg2 O-O 11. Nf3 Ng4 12. Qe2 Nd7 13. a4 Qb6 14. Ra3 Rfb8 15. Nd2 h5 16. h3 Ngf6 17. Nc4 Qa6 18. Nb5 Rc8 19. Bd2 Nb6 20. b3 Ne8 21. g4 h4 22. Bg5 Kf8 23. Bxh4 Nc7 24. Nxc7 Rxc7 25. Rc1 Nxc4 26. Rxc4 Rb7 27. Qc2 Rab8 28. a5 1-0